[Event "BPB Limburg open B"]
[Site "Maastricht"]
[Date "2015.05.24"]
[Round "5"]
[White "Blijlevens, Pim"]
[Black "Smet, Louis"]
[Result "1/2-1/2"]
[WhiteElo "1943"]
[BlackElo "1750"]
[PlyCount "54"]
[EventDate "2015.05.22"]
[EventType "swiss"]
[EventRounds "7"]
[EventCountry "NED"]
[Source "P.Boonen"]
[SourceDate "2015.10.01"]

1. d4 d5 2. c4 c6 3. Nf3 Nf6 4. Nc3 g6 5. e3 Bg7 6. b3 O-O 7. Bb2 Bf5 8. Be2
Qb6 9. O-O Rd8 10. Ne5 Nbd7 11. cxd5 Nxe5 12. dxe5 Nxd5 13. Nxd5 Rxd5 14. Qc1
Bxe5 15. Bxe5 Rxe5 16. Rd1 Rd8 17. Bc4 Be6 18. Qb2 Rxd1+ 19. Rxd1 Qc7 20. Bxe6
Rxe6 21. Rd4 Rd6 22. g3 Rxd4 23. Qxd4 b5 24. Qc5 h5 25. Kg2 Qa5 26. Qxc6 Qxa2
27. Qxb5 Qa3 1/2-1/2

[Event "BPB Limburg open B"]
[Site "Maastricht"]
[Date "2015.05.24"]
[Round "5"]
[White "Bojanowski, Roman"]
[Black "Mestrom, Ton"]
[Result "0-1"]
[WhiteElo "1919"]
[BlackElo "1729"]
[PlyCount "66"]
[EventDate "2015.05.22"]
[EventType "swiss"]
[EventRounds "7"]
[EventCountry "NED"]
[Source "P.Boonen"]
[SourceDate "2015.10.01"]

1. e4 c5 2. Nf3 e6 3. d4 cxd4 4. Nxd4 Nf6 5. Nc3 Nc6 6. Bg5 Bb4 7. Nxc6 bxc6 8.
e5 Qa5 9. exf6 Qxg5 10. Qd4 c5 11. fxg7 Rg8 12. Qd3 Rxg7 13. a3 Ba5 14. Kd1 Bb7
15. f3 Qf4 16. Ne2 Qe5 17. c3 Bc6 18. Kc2 Rb8 19. Re1 Ba4+ 20. Kc1 Rb3 21. f4
Qb8 22. Qd2 d5 23. f5 d4 24. fxe6 dxc3 25. exf7+ Kf8 26. Nxc3 Bxc3 27. Re8+
Bxe8 28. fxe8=Q+ Kxe8 29. Bb5+ Qxb5 30. Re1+ Re7 31. Rxe7+ Kxe7 32. Qe3+ Kf7
33. bxc3 Qf1+ 0-1

[Event "BPB Limburg open B"]
[Site "Maastricht"]
[Date "2015.05.24"]
[Round "5"]
[White "Bondarchuk, Vadim"]
[Black "Mitran, Anthony Cristian"]
[Result "1-0"]
[WhiteElo "2034"]
[BlackElo "1870"]
[PlyCount "109"]
[EventDate "2015.05.22"]
[EventType "swiss"]
[EventRounds "7"]
[EventCountry "NED"]
[Source "P.Boonen"]
[SourceDate "2015.10.01"]

1. e4 e5 2. Nf3 Nc6 3. Bc4 Nf6 4. Nc3 Bc5 5. d3 O-O 6. Bg5 Be7 7. a3 d6 8. Qd2
Be6 9. Bxf6 Bxf6 10. Bd5 Rb8 11. h4 Ne7 12. Ba2 Bxa2 13. Nxa2 d5 14. Nc3 d4 15.
Ne2 c5 16. g4 g6 17. h5 Bg7 18. hxg6 fxg6 19. Ng5 h6 20. Ne6 Qd6 21. Nxf8 Rxf8
22. Ng3 Rf4 23. Qe2 b5 24. f3 Qe6 25. O-O h5 26. gxh5 gxh5 27. Qg2 Rf6 28. Kf2
Qg4 29. Ne2 Qxg2+ 30. Kxg2 Ng6 31. c3 Bh6 32. cxd4 cxd4 33. b3 Rc6 34. Ra2 Be3
35. Rh1 h4 36. Kh3 Kf7 37. Kg4 a5 38. a4 b4 39. Rb1 Nf4 40. Nxf4 Bxf4 41. Rbb2
Rc3 42. Rc2 Rxd3 43. Rc5 Rxb3 44. Rxa5 Ra3 45. Rc2 Rc3 46. Rb2 b3 47. Rb5 h3
48. Kxh3 Rxf3+ 49. Kg4 Rg3+ 50. Kh4 d3 51. R5xb3 d2 52. Rb7+ Ke8 53. Rxd2 Re3
54. Rg2 Kf8 55. Rc2 1-0

[Event "BPB Limburg open B"]
[Site "Maastricht"]
[Date "2015.05.24"]
[Round "5"]
[White "Boom, Harrie"]
[Black "Cillen, Jeroen"]
[Result "1/2-1/2"]
[WhiteElo "1780"]
[BlackElo "1882"]
[PlyCount "82"]
[EventDate "2015.05.22"]
[EventType "swiss"]
[EventRounds "7"]
[EventCountry "NED"]
[Source "P.Boonen"]
[SourceDate "2015.10.01"]

1. d4 Nf6 2. c4 g6 3. Nc3 Bg7 4. e4 d6 5. Nf3 O-O 6. Be2 e5 7. d5 Nbd7 8. Bg5
a5 9. a3 h6 10. Bh4 g5 11. Bg3 Nc5 12. Nd2 a4 13. O-O Nfxe4 14. Ndxe4 Nxe4 15.
Nxe4 f5 16. f3 fxe4 17. fxe4 Bd7 18. b4 axb3 19. Qxb3 b6 20. Ra2 Rxf1+ 21. Bxf1
h5 22. Be1 Bh6 23. a4 g4 24. g3 Qg5 25. a5 Qe3+ 26. Qxe3 Bxe3+ 27. Kg2 bxa5 28.
Rxa5 Rxa5 29. Bxa5 c6 30. Bc7 Bc5 31. Bd3 Kf7 32. Ba5 Kg6 33. Be1 cxd5 34. cxd5
Kf6 35. Bf2 Bxf2 36. Kxf2 Ke7 37. Ke3 Kd8 38. Kd2 Kc7 39. Kc3 Kb6 40. Kb4 Be8
41. Be2 Bg6 1/2-1/2

[Event "BPB Limburg open B"]
[Site "Maastricht"]
[Date "2015.05.24"]
[Round "5"]
[White "Bosboom, Ardin"]
[Black "Tangelder, Yonne"]
[Result "1/2-1/2"]
[WhiteElo "1839"]
[BlackElo "1887"]
[PlyCount "45"]
[EventDate "2015.05.22"]
[EventType "swiss"]
[EventRounds "7"]
[EventCountry "NED"]
[Source "P.Boonen"]
[SourceDate "2015.10.01"]

1. d4 f5 2. e4 fxe4 3. Nc3 Nf6 4. Bg5 Nc6 5. d5 Ne5 6. Qd4 Nf7 7. Bxf6 exf6 8.
O-O-O f5 9. f3 Qg5+ 10. Kb1 Be7 11. fxe4 fxe4 12. Nxe4 Qg6 13. Rd3 Ng5 14. Nxg5
Qxg5 15. Nf3 Qf6 16. Re3 O-O 17. Bc4 Qxd4 18. Nxd4 Bc5 19. Rf3 d6 20. Rxf8+
Kxf8 21. Rf1+ Ke7 22. Re1+ Kf6 23. Ne6 1/2-1/2

[Event "BPB Limburg open B"]
[Site "Maastricht"]
[Date "2015.05.24"]
[Round "5"]
[White "Clermonts, Jeroen"]
[Black "Broekhuis, Jan"]
[Result "0-1"]
[WhiteElo "1993"]
[BlackElo "1865"]
[PlyCount "84"]
[EventDate "2015.05.22"]
[EventType "swiss"]
[EventRounds "7"]
[EventCountry "NED"]
[Source "P.Boonen"]
[SourceDate "2015.10.01"]

1. d4 d5 2. Bf4 c6 3. e3 Nf6 4. Nf3 Bg4 5. c4 e6 6. Qb3 Qc8 7. Ne5 Nbd7 8. f3
Bf5 9. Nc3 Nxe5 10. Bxe5 Nd7 11. Bf4 dxc4 12. Bxc4 Nb6 13. e4 Bg6 14. Be2 Be7
15. a4 Qd7 16. a5 Nc8 17. Rd1 Bd6 18. e5 Be7 19. d5 exd5 20. Nxd5 Bc2 21. Nf6+
gxf6 22. Qxc2 Bb4+ 23. Bd2 Bxd2+ 24. Rxd2 Qe7 25. exf6 Qxf6 26. O-O O-O 27.
Rfd1 Ne7 28. Qe4 Ng6 29. Rd6 Qxb2 30. Bc4 Rae8 31. Qg4 Qg7 32. f4 Re4 33. Bf1
Rxf4 34. Qg3 Rf5 35. a6 bxa6 36. Rxc6 a5 37. Qc3 Ne5 38. Rc7 Qf6 39. Bd3 Rg5
40. Rf1 Qb6+ 41. Kh1 Nxd3 42. Qd2 Qg6 0-1

[Event "BPB Limburg open B"]
[Site "Maastricht"]
[Date "2015.05.24"]
[Round "5"]
[White "Coenen, Bert"]
[Black "Veldhuysen, Klaas"]
[Result "1/2-1/2"]
[WhiteElo "1846"]
[BlackElo "1959"]
[PlyCount "45"]
[EventDate "2015.05.22"]
[EventType "swiss"]
[EventRounds "7"]
[EventCountry "NED"]
[Source "P.Boonen"]
[SourceDate "2015.10.01"]

1. e4 c5 2. c3 d5 3. d3 Nc6 4. Nd2 Nf6 5. Ngf3 e6 6. Be2 Bd6 7. Qc2 O-O 8. O-O
a5 9. a4 Qc7 10. Re1 b6 11. Nf1 h6 12. Ng3 Bb7 13. Bd2 Ne5 14. Rac1 Neg4 15.
Bf1 c4 16. exd5 exd5 17. Nd4 Ba6 18. Ndf5 cxd3 19. Bxd3 Bxd3 20. Qxd3 Ne5 21.
Qc2 Ng6 22. Nxd6 Qxd6 23. Nf5 1/2-1/2

[Event "BPB Limburg open B"]
[Site "Maastricht"]
[Date "2015.05.24"]
[Round "5"]
[White "Cote, Frederic"]
[Black "Rietveld, Leo"]
[Result "1-0"]
[WhiteElo "1950"]
[BlackElo "1998"]
[PlyCount "33"]
[EventDate "2015.05.22"]
[EventType "swiss"]
[EventRounds "7"]
[EventCountry "NED"]
[Source "P.Boonen"]
[SourceDate "2015.10.01"]

1. d4 d5 2. Nf3 c5 3. e3 Nf6 4. c4 e6 5. a3 cxd4 6. exd4 Nc6 7. Nc3 Be7 8. Bd3
a6 9. c5 O-O 10. b4 e5 11. dxe5 Ng4 12. Nxd5 f5 13. Bc4 Kh8 14. Bb2 Be6 15. Nb6
Qxd1+ 16. Rxd1 Bxc4 17. Nxc4 1-0

[Event "BPB Limburg open B"]
[Site "Maastricht"]
[Date "2015.05.24"]
[Round "5"]
[White "Cromsight, Jeroen"]
[Black "Fortenbacher, Florian"]
[Result "1-0"]
[WhiteElo "1981"]
[BlackElo "1678"]
[PlyCount "81"]
[EventDate "2015.05.22"]
[EventType "swiss"]
[EventRounds "7"]
[EventCountry "NED"]
[Source "P.Boonen"]
[SourceDate "2015.10.01"]

1. e4 e5 2. Nf3 Nc6 3. Bc4 Bc5 4. c3 Nf6 5. d4 exd4 6. cxd4 Bb4+ 7. Nc3 O-O 8.
e5 Ne4 9. Qc2 d5 10. Bd3 f5 11. exf6 Nxf6 12. Be3 Bd6 13. a3 a6 14. h3 Be6 15.
Ng5 Qe7 16. Nxh7 Nxh7 17. Bxh7+ Kh8 18. Bd3 Bg8 19. Qe2 Qf7 20. Qg4 Bh7 21. Qh4
g6 22. Qg5 Rae8 23. O-O-O Bf4 24. Qxd5 Bxe3+ 25. fxe3 Rxe3 26. Qxf7 Rxf7 27.
Be4 Na5 28. Kd2 Nc4+ 29. Kc1 Rf2 30. Rdf1 Rxf1+ 31. Rxf1 Nd6 32. Bc2 Rg3 33.
Rf2 Bg8 34. Ne4 Nxe4 35. Bxe4 c6 36. Rf8 Kg7 37. Rb8 Bd5 38. Rxb7+ Kh6 39. Bxd5
cxd5 40. Rd7 Rxg2 41. Rxd5 1-0

[Event "BPB Limburg open B"]
[Site "Maastricht"]
[Date "2015.05.24"]
[Round "5"]
[White "Da Ces, Philippe"]
[Black "De Boer, Eelke"]
[Result "0-1"]
[WhiteElo "1976"]
[BlackElo "1912"]
[PlyCount "72"]
[EventDate "2015.05.22"]
[EventType "swiss"]
[EventRounds "7"]
[EventCountry "NED"]
[Source "P.Boonen"]
[SourceDate "2015.10.01"]

1. d4 f5 2. Bg5 Nf6 3. Bxf6 exf6 4. e3 g6 5. Ne2 d5 6. Nf4 c6 7. c3 Bd6 8. g3
Qe7 9. Nd2 Bxf4 10. gxf4 Be6 11. Be2 Nd7 12. Qc2 Bf7 13. O-O-O O-O 14. Rdg1 Kh8
15. Kb1 b5 16. h4 h5 17. Ka1 a5 18. Rc1 a4 19. Qd1 Nb6 20. Rg1 Nc4 21. Rg3 Rfb8
22. Qc2 Rb6 23. Qd1 Qb7 24. Qc2 Rb8 25. a3 Qe7 26. Nb1 Nd6 27. Nd2 Qe6 28. Rgg1
Ne4 29. Rg2 R6b7 30. Qd3 c5 31. dxc5 d4 32. c4 bxc4 33. Nxc4 Nxc5 34. Qc2 Nb3+
35. Kb1 Nxc1 36. Kxc1 Qc6 0-1

[Event "BPB Limburg open B"]
[Site "Maastricht"]
[Date "2015.05.24"]
[Round "5"]
[White "Dardha, Daniel"]
[Black "Kuehn, Patrick1"]
[Result "0-1"]
[WhiteElo "1874"]
[BlackElo "2039"]
[PlyCount "112"]
[EventDate "2015.05.22"]
[EventType "swiss"]
[EventRounds "7"]
[EventCountry "NED"]
[Source "P.Boonen"]
[SourceDate "2015.10.01"]

1. e4 c5 2. Nf3 d6 3. d4 cxd4 4. Nxd4 Nf6 5. Nc3 g6 6. Be3 Bg7 7. Be2 Nc6 8.
O-O O-O 9. Kh1 d5 10. exd5 Nxd5 11. Nxd5 Qxd5 12. Bf3 Qd7 13. Nxc6 bxc6 14.
Qxd7 Bxd7 15. Rad1 Bf5 16. Bxc6 Rac8 17. Bd7 Rxc2 18. Bxf5 gxf5 19. Bxa7 Rxb2
20. Bc5 Re8 21. a3 Ra2 22. g3 e6 23. Rd3 Rc8 24. Be3 Bf8 25. Rfd1 Rxa3 26. Rxa3
Bxa3 27. Rd2 Bc1 28. Re2 Bxe3 29. Rxe3 Rc2 30. Kg2 Kg7 31. Rf3 Kg6 32. Rb3 e5
33. Rb6+ f6 34. Rb3 Kg5 35. h3 f4 36. gxf4+ Kxf4 37. Rf3+ Kg5 38. Rg3+ Kf5 39.
Re3 e4 40. Re1 Kf4 41. Re3 f5 42. Re1 h5 43. Re3 h4 44. Kg1 Rd2 45. Re1 Rd3 46.
Kg2 Ke5 47. Re2 f4 48. Kh2 e3 49. Kh1 Rd2 50. Re1 Rxf2 51. Kg1 Rd2 52. Kf1 Ke4
53. Kg1 Kf3 54. Rf1+ Kg3 55. Kh1 e2 56. Rg1+ Kxh3 0-1

[Event "BPB Limburg open B"]
[Site "Maastricht"]
[Date "2015.05.24"]
[Round "5"]
[White "De Boer, Bas"]
[Black "Frijling, Jeroen"]
[Result "0-1"]
[WhiteElo "1763"]
[BlackElo "1836"]
[PlyCount "74"]
[EventDate "2015.05.22"]
[EventType "swiss"]
[EventRounds "7"]
[EventCountry "NED"]
[Source "P.Boonen"]
[SourceDate "2015.10.01"]

1. d4 Nf6 2. c4 c6 3. Nc3 d5 4. Nf3 dxc4 5. a4 Bf5 6. Ne5 Nbd7 7. Nxc4 Qc7 8.
g3 e5 9. dxe5 Nxe5 10. Bf4 Nfd7 11. Bg2 f6 12. O-O Nc5 13. e4 Be6 14. Nxe5 fxe5
15. Qh5+ Qf7 16. Qxf7+ Bxf7 17. Bxe5 Nb3 18. Rad1 Bh5 19. f3 Bc5+ 20. Kh1 O-O
21. Bd6 Rfd8 22. Bxc5 Nxc5 23. b4 Nd3 24. Rb1 Rd4 25. Ne2 Rxb4 26. Rxb4 Nxb4
27. Rb1 c5 28. Nf4 Bf7 29. Bh3 Rd8 30. e5 g5 31. Ne6 Bxe6 32. Bxe6+ Kg7 33. f4
b6 34. f5 Nd3 35. a5 Rb8 36. axb6 Rxb6 37. Rd1 Nf2+ 0-1

[Event "BPB Limburg open B"]
[Site "Maastricht"]
[Date "2015.05.24"]
[Round "5"]
[White "De Feijter, Bas"]
[Black "Daamen, Roland"]
[Result "1-0"]
[WhiteElo "2007"]
[BlackElo "2028"]
[PlyCount "91"]
[EventDate "2015.05.22"]
[EventType "swiss"]
[EventRounds "7"]
[EventCountry "NED"]
[Source "P.Boonen"]
[SourceDate "2015.10.01"]

1. d4 Nf6 2. Bg5 d5 3. e3 Ne4 4. Bf4 g6 5. Bd3 Bg7 6. c3 Nf6 7. h3 O-O 8. Nf3
Nbd7 9. O-O c5 10. Nbd2 Qb6 11. Qc2 Re8 12. Bh2 Nf8 13. Ne5 Bd7 14. dxc5 Qxc5
15. Nxd7 N8xd7 16. e4 e5 17. exd5 Nxd5 18. Ne4 Qc6 19. Qb3 a6 20. Rad1 Rad8 21.
Bb5 axb5 22. Qxd5 Nf6 23. Qxd8 Nxe4 24. Qd5 Kf8 25. Rfe1 f5 26. Qxc6 bxc6 27.
Re2 Kf7 28. Rd7+ Kf6 29. f3 Nc5 30. Rd6+ Re6 31. Bxe5+ Kf7 32. Rxe6 Nxe6 33.
Bxg7 Nxg7 34. Kf2 Ne6 35. g3 Kf6 36. Rxe6+ Kxe6 37. Ke3 Kd5 38. b3 c5 39. a4
bxa4 40. bxa4 Kc4 41. Kd2 g5 42. f4 gxf4 43. gxf4 Kd5 44. Kd3 h6 45. a5 Kc6 46.
Kc4 1-0

[Event "BPB Limburg open B"]
[Site "Maastricht"]
[Date "2015.05.24"]
[Round "5"]
[White "Dietz, Jonas"]
[Black "Van Dael, Siem"]
[Result "0-1"]
[WhiteElo "1744"]
[BlackElo "1813"]
[PlyCount "58"]
[EventDate "2015.05.22"]
[EventType "swiss"]
[EventRounds "7"]
[EventCountry "NED"]
[Source "P.Boonen"]
[SourceDate "2015.10.01"]

1. b3 e5 2. Bb2 Nc6 3. e3 d5 4. Bb5 Bd6 5. c4 dxc4 6. bxc4 Bd7 7. Nf3 Qe7 8.
O-O Nf6 9. Qc2 e4 10. Bxc6 Bxc6 11. Nd4 Bd7 12. f4 O-O 13. Nc3 c5 14. Ndb5 Bb8
15. Ne2 a6 16. Nbc3 b5 17. Rab1 b4 18. Nd1 a5 19. d4 exd3 20. Qxd3 Rd8 21. Bxf6
Qxf6 22. e4 Bg4 23. Qe3 Bxe2 24. Qxe2 Bxf4 25. Ne3 Bxe3+ 26. Qxe3 Qd4 27. Kf2
Qd2+ 28. Qe2 Qxe2+ 29. Kxe2 Rd4 0-1

[Event "BPB Limburg open B"]
[Site "Maastricht"]
[Date "2015.05.24"]
[Round "5"]
[White "Hoefken, Tom"]
[Black "Leontiev, Oleg"]
[Result "0-1"]
[WhiteElo "1878"]
[BlackElo "1929"]
[PlyCount "109"]
[EventDate "2015.05.22"]
[EventType "swiss"]
[EventRounds "7"]
[EventCountry "NED"]
[Source "P.Boonen"]
[SourceDate "2015.10.01"]

1. e4 e6 2. d4 d5 3. Nd2 dxe4 4. Nxe4 Nf6 5. Nxf6+ Qxf6 6. Nf3 h6 7. Bd3 Bd6 8.
O-O Bd7 9. Re1 O-O 10. Ne5 Qe7 11. Qg4 f5 12. Qh3 Bxe5 13. dxe5 Nc6 14. c3 Qf7
15. Bf4 Ne7 16. Be2 Nd5 17. Bd2 Kh7 18. Rad1 c5 19. c4 Nb6 20. Qa3 Rfc8 21. Be3
Bc6 22. Bxc5 Qg6 23. f3 Nd7 24. Bd6 b6 25. Qe3 Bb7 26. Rc1 a5 27. Red1 Qf7 28.
Rd2 b5 29. c5 b4 30. Bb5 Nb6 31. c6 Nd5 32. Rxd5 exd5 33. cxb7 Rxc1+ 34. Qxc1
Qxb7 35. Qc6 Qa7+ 36. Bc5 Qb8 37. Bd4 Qd8 38. Qd7 Qg5 39. Qxd5 Rd8 40. Qc5 Qd2
41. Bf2 Rd5 42. Qb6 Rxe5 43. Bf1 Rd5 44. Qb7 a4 45. Qa8 Qd1 46. Qe8 Qc2 47. Qf7
Rd1 48. b3 a3 49. h4 Qb1 50. Qc4 Qxa2 51. h5 Qb1 52. Bd4 Rxd4 53. Qxd4 a2 54.
Kh2 a1=Q 55. Qd3 0-1

[Event "BPB Limburg open B"]
[Site "Maastricht"]
[Date "2015.05.24"]
[Round "5"]
[White "Ibrahim, Ashraf"]
[Black "De Freytas, Paul"]
[Result "1/2-1/2"]
[WhiteElo "1824"]
[BlackElo "1964"]
[PlyCount "50"]
[EventDate "2015.05.22"]
[EventType "swiss"]
[EventRounds "7"]
[EventCountry "NED"]
[Source "P.Boonen"]
[SourceDate "2015.10.01"]

1. d4 d5 2. c4 c6 3. Nc3 Nf6 4. Nf3 g6 5. e3 Bg7 6. Bd3 O-O 7. O-O Nbd7 8. Qc2
Re8 9. cxd5 Nxd5 10. Nxd5 cxd5 11. Bd2 Nb8 12. Bc3 Nc6 13. Nd2 e5 14. dxe5 Nxe5
15. f4 Ng4 16. Bxg7 Kxg7 17. Qc3+ Qf6 18. Qxf6+ Nxf6 19. Rfe1 Bd7 20. e4 dxe4
21. Nxe4 Bc6 22. Nxf6 Kxf6 23. Rxe8 Rxe8 24. Kf2 Rd8 25. Rd1 a5 1/2-1/2

[Event "BPB Limburg open B"]
[Site "Maastricht"]
[Date "2015.05.24"]
[Round "5"]
[White "Iov, Dmitrii"]
[Black "Peeters, Joep"]
[Result "1/2-1/2"]
[WhiteElo "1916"]
[BlackElo "1782"]
[PlyCount "61"]
[EventDate "2015.05.22"]
[EventType "swiss"]
[EventRounds "7"]
[EventCountry "NED"]
[Source "P.Boonen"]
[SourceDate "2015.10.01"]

1. d4 d6 2. c4 e5 3. e4 exd4 4. Qxd4 Nc6 5. Qd1 Nf6 6. Nc3 Be7 7. Nf3 O-O 8.
Be2 Re8 9. O-O Bf8 10. Qc2 h6 11. h3 g6 12. a3 Bg7 13. Bd3 Nd7 14. Bd2 Kh7 15.
Rae1 Nde5 16. Nxe5 Nxe5 17. f4 Nxd3 18. Qxd3 f5 19. Qf3 fxe4 20. Rxe4 Rxe4 21.
Qxe4 Bf5 22. Qe2 c6 23. g4 Bd7 24. f5 gxf5 25. gxf5 Bd4+ 26. Kh2 Qf6 27. Qh5
Rg8 28. Ne4 Qg7 29. Ng5+ Kh8 30. Nf7+ Kh7 31. Ng5+ 1/2-1/2

[Event "BPB Limburg open B"]
[Site "Maastricht"]
[Date "2015.05.24"]
[Round "5"]
[White "Jansen, Ingeborg"]
[Black "Senders, Justin"]
[Result "1/2-1/2"]
[WhiteElo "1840"]
[BlackElo "1986"]
[PlyCount "59"]
[EventDate "2015.05.22"]
[EventType "swiss"]
[EventRounds "7"]
[EventCountry "NED"]
[Source "P.Boonen"]
[SourceDate "2015.10.01"]

1. e4 Nf6 2. e5 Nd5 3. c4 Nb6 4. d4 d6 5. exd6 cxd6 6. a4 g6 7. Be3 Bg7 8. Nc3
O-O 9. h3 Nc6 10. Nf3 e5 11. d5 Ne7 12. a5 Nd7 13. Ne4 Nf5 14. Bg5 f6 15. Bd2
Re8 16. g4 Nd4 17. Nxd6 Nxf3+ 18. Qxf3 e4 19. Qa3 Bf8 20. Bb4 Re5 21. Nxc8
Bxb4+ 22. Qxb4 Rxc8 23. Be2 e3 24. f3 f5 25. h4 fxg4 26. fxg4 Nc5 27. Qc3 Qd6
28. O-O-O Ne4 29. Qxe3 Nc5 30. Qg3 1/2-1/2

[Event "BPB Limburg open B"]
[Site "Maastricht"]
[Date "2015.05.24"]
[Round "5"]
[White "Jensen, Johnny"]
[Black "Wlogalski, Olivier"]
[Result "0-1"]
[WhiteElo "1853"]
[BlackElo "1892"]
[PlyCount "118"]
[EventDate "2015.05.22"]
[EventType "swiss"]
[EventRounds "7"]
[EventCountry "NED"]
[Source "P.Boonen"]
[SourceDate "2015.10.01"]

1. e4 d5 2. exd5 Qxd5 3. Nc3 Qa5 4. d4 Nf6 5. Bc4 Bf5 6. Qf3 c6 7. Nge2 e6 8.
Bb3 Qc7 9. Bf4 Bd6 10. Bxd6 Qxd6 11. O-O-O Nbd7 12. Rhe1 O-O-O 13. h3 Nb6 14.
d5 Nbxd5 15. Bxd5 Nxd5 16. g4 Bg6 17. h4 h5 18. g5 Qc7 19. Ne4 Qa5 20. a3 Bxe4
21. Qxe4 g6 22. Ng3 Qc7 23. Ne2 Ne7 24. Nd4 Rd6 25. Qe5 Rhd8 26. Qc5 Qb6 27.
Qxb6 axb6 28. Nf3 Rxd1+ 29. Rxd1 Rxd1+ 30. Kxd1 Kd7 31. Ne5+ Ke8 32. Kd2 Nf5
33. Nf3 Ke7 34. Kd3 Kd6 35. Ke4 c5 36. c4 Ke7 37. Ke5 Nd6 38. Nd2 Nc8 39. b4
Nd6 40. b5 Kd7 41. Kf6 Ke8 42. Ke5 Ke7 43. a4 Kd7 44. Kf6 Ke8 45. Ke5 Ke7 46.
Kf4 f6 47. gxf6+ Kxf6 48. Ke3 g5 49. hxg5+ Kxg5 50. Nf3+ Kf6 51. Nd2 e5 52. f3
Kf5 53. Kd3 Kf4 54. a5 bxa5 55. Nb3 Kxf3 56. Nxc5 h4 57. Ne6 Kg4 58. Nc5 h3 59.
Nd7 Kf5 0-1

[Event "BPB Limburg open B"]
[Site "Maastricht"]
[Date "2015.05.24"]
[Round "5"]
[White "Karstens, Lex"]
[Black "Roufs, Gerard"]
[Result "1/2-1/2"]
[WhiteElo "1852"]
[BlackElo "1986"]
[PlyCount "31"]
[EventDate "2015.05.22"]
[EventType "swiss"]
[EventRounds "7"]
[EventCountry "NED"]
[Source "P.Boonen"]
[SourceDate "2015.10.01"]

1. d4 d5 2. Bg5 h6 3. Bh4 c6 4. Nf3 Nd7 5. e3 Ngf6 6. c4 e6 7. cxd5 exd5 8. Nc3
Be7 9. Bd3 O-O 10. O-O Ne4 11. Bxe7 Qxe7 12. Qe2 Re8 13. Rfe1 Ng5 14. Nxg5 Qxg5
15. Qf3 Nf6 16. Qg3 1/2-1/2

[Event "BPB Limburg open B"]
[Site "Maastricht"]
[Date "2015.05.24"]
[Round "5"]
[White "Kaufung, Christian"]
[Black "Van den Berg, Jaap"]
[Result "0-1"]
[WhiteElo "1822"]
[BlackElo "1858"]
[PlyCount "82"]
[EventDate "2015.05.22"]
[EventType "swiss"]
[EventRounds "7"]
[EventCountry "NED"]
[Source "P.Boonen"]
[SourceDate "2015.10.01"]

1. d4 f5 2. Nf3 g6 3. Bf4 Nf6 4. c3 d6 5. e3 Bg7 6. Nbd2 c6 7. Bd3 O-O 8. h4 h6
9. Qb3+ d5 10. Ne5 Qe8 11. Ndf3 Nbd7 12. Qc2 Ne4 13. c4 e6 14. c5 Ndf6 15. a3
Nh5 16. b4 Nxf4 17. exf4 Bd7 18. Ke2 b5 19. a4 Bc8 20. axb5 cxb5 21. c6 Nd6 22.
Qc5 Ne4 23. Qc2 Rf6 24. Bxb5 Bf8 25. Nd7 Bxd7 26. cxd7 Qb8 27. Bc6 Qc7 28. Rhc1
Rd8 29. b5 Be7 30. Qa4 Qxf4 31. Qb3 g5 32. Qe3 Qg4 33. Rxa7 f4 34. Qb3 Qxg2 35.
Re1 g4 36. Bxd5 gxf3+ 37. Kd1 Qxf2 38. Bxe4 Qxd4+ 39. Kc1 Qxa7 40. Qxf3 Qa1+
41. Kd2 Bb4+ 0-1

[Event "BPB Limburg open B"]
[Site "Maastricht"]
[Date "2015.05.24"]
[Round "5"]
[White "Kronseder, Michael"]
[Black "Geboers, Jimmy"]
[Result "0-1"]
[WhiteElo "1809"]
[BlackElo "1889"]
[PlyCount "72"]
[EventDate "2015.05.22"]
[EventType "swiss"]
[EventRounds "7"]
[EventCountry "NED"]
[Source "P.Boonen"]
[SourceDate "2015.10.01"]

1. e4 e6 2. Nc3 d5 3. Nf3 Nf6 4. exd5 exd5 5. d4 c6 6. Bd3 Bd6 7. Qe2+ Qe7 8.
Qxe7+ Bxe7 9. O-O O-O 10. Re1 Bb4 11. a3 Bxc3 12. bxc3 Be6 13. Rb1 b5 14. Ng5
Re8 15. Nxe6 Rxe6 16. Rxe6 fxe6 17. Bf4 Nbd7 18. Re1 Kf7 19. Be5 Nxe5 20. dxe5
Nd7 21. f4 g6 22. g4 Nc5 23. Re3 Rb8 24. Rf3 Rb6 25. h4 Ra6 26. f5 gxf5 27.
gxf5 Nxd3 28. cxd3 Rxa3 29. fxe6+ Kxe6 30. d4 Ke7 31. Rg3 b4 32. Rg7+ Kf8 33.
Rc7 Rxc3 34. Rxa7 Rc4 35. Rxh7 Rxd4 36. Rb7 Rxh4 0-1

[Event "BPB Limburg open B"]
[Site "Maastricht"]
[Date "2015.05.24"]
[Round "5"]
[White "Kuijpers, Domien"]
[Black "De Boer, Robert"]
[Result "1/2-1/2"]
[WhiteElo "1830"]
[BlackElo "1938"]
[PlyCount "47"]
[EventDate "2015.05.22"]
[EventType "swiss"]
[EventRounds "7"]
[EventCountry "NED"]
[Source "P.Boonen"]
[SourceDate "2015.10.01"]

1. e4 e6 2. d4 d5 3. Nd2 Nc6 4. c3 e5 5. dxe5 dxe4 6. Qa4 Qd5 7. Qxe4 Qxe5 8.
Ngf3 Qxe4+ 9. Nxe4 Bf5 10. Ng3 Bg4 11. Be2 Nf6 12. O-O Be7 13. Re1 O-O-O 14. a4
Rhe8 15. h3 Bxf3 16. Bxf3 Na5 17. Be3 Nb3 18. Rad1 Bc5 19. Bg5 Rxe1+ 20. Rxe1
Nd2 21. b4 Nxf3+ 22. gxf3 Bf8 23. Ne4 Be7 24. Nxf6 1/2-1/2

[Event "BPB Limburg open B"]
[Site "Maastricht"]
[Date "2015.05.24"]
[Round "5"]
[White "Larkin, Vladislav"]
[Black "Klein, Gernot"]
[Result "1/2-1/2"]
[WhiteElo "1863"]
[BlackElo "1971"]
[PlyCount "79"]
[EventDate "2015.05.22"]
[EventType "swiss"]
[EventRounds "7"]
[EventCountry "NED"]
[Source "P.Boonen"]
[SourceDate "2015.10.01"]

1. Nf3 d5 2. d4 c6 3. g3 Bf5 4. Bg2 Nf6 5. O-O a6 6. b3 Nbd7 7. Bb2 e6 8. c4
Be7 9. Nc3 O-O 10. Nd2 Re8 11. e4 dxe4 12. Ndxe4 Nxe4 13. Nxe4 Nf6 14. Re1 Nxe4
15. Bxe4 Bxe4 16. Rxe4 Bf6 17. Re3 Qd7 18. Qg4 Rad8 19. Rd1 e5 20. Qxd7 Rxd7
21. d5 cxd5 22. cxd5 e4 23. Bxf6 gxf6 24. Rd4 f5 25. f3 Kf8 26. fxe4 fxe4 27.
Rexe4 Rxe4 28. Rxe4 Rxd5 29. Kf2 f5 30. Re2 Kf7 31. Kf3 Kf6 32. Kf4 a5 33. h4
a4 34. bxa4 Rd4+ 35. Kf3 Rxa4 36. Rb2 Ra3+ 37. Kf4 Ra4+ 38. Kf3 Ra3+ 39. Kf4
Ra4+ 40. Kf3 1/2-1/2

[Event "BPB Limburg open B"]
[Site "Maastricht"]
[Date "2015.05.24"]
[Round "5"]
[White "Mercan, Oscar"]
[Black "Van der Valk, Reiner"]
[Result "0-1"]
[WhiteElo "1794"]
[BlackElo "1759"]
[PlyCount "61"]
[EventDate "2015.05.22"]
[EventType "swiss"]
[EventRounds "7"]
[EventCountry "NED"]
[Source "P.Boonen"]
[SourceDate "2015.10.01"]

1. d4 d5 2. c4 e6 3. Nf3 Nf6 4. Nc3 c6 5. Bf4 Bd6 6. Qd2 O-O 7. Ne5 Bxe5 8.
dxe5 Nfd7 9. e3 Re8 10. Bd3 dxc4 11. Bxc4 b5 12. Bd3 a6 13. Ne4 c5 14. Ng5 Nf8
15. Ne4 c4 16. Bc2 Qxd2+ 17. Kxd2 Bb7 18. Nd6 Rd8 19. Ke2 Bxg2 20. Rhg1 Bd5 21.
Rxg7+ Kxg7 22. h4 h5 23. Bg5 Rd7 24. Ne8+ Kg8 25. Nf6+ Kh8 26. Rg1 Ng6 27. Nxh5
Nc6 28. e4 Nd4+ 29. Kd1 Nxc2 30. exd5 Rxd5+ 31. Kxc2 {.....} 0-1